000 00730nam a2200265 a 4500
003 AR-BaBNM
005 20251128203647.0
008 082120s2002 ||||||||||||||000 | spa||
020 _a950-23-0440-3
040 _cAR-BaBNM
100 1 _aRodríguez, Guillermo Luis
245 0 0 _aDe cómo fue aquello de la casita de los tristes y efímeros amores y todo eso
250 _a1ª ed.
260 _aBuenos Aires
_bEudeba
_bFondo Editorial Rionegrino
_c1989
300 _a86 p.
490 0 _aTierras y mares
650 4 _aLITERATURA ARGENTINA
650 4 _aESCRITORES
650 4 _aLITERATURA CONTEMPORANEA
650 4 _aNOVELAS
650 4 _aHISTORIAS DE AMOR
655 _aLITERATURA
942 _cBK
998 _cMARTIN
999 _c4372
_d4372